01500nam a2200361 a 4500001001200000003000800012006001900020007001500039008004100054010001700095020003600112040002100148035002100169043001200190050002400202082001800226100002700244245012600271260006000397300003100457490005600488504006400544533015200608650004600760650003800806651004700844651003100891655002900922710001700951830002900968856012600997999001501123ebr10277778CaPaEBRm u cr cn|||||||||070416s2007 wiuab sb s001 0 eng c z 2007012905 z0299223701 (cloth : alk. paper) aCaPaEBRcCaPaEBR a(OCoLC)318454921 af-lo---14aDT2638b.E43 2007eb04a968.85/022221 aEldredge, Elizabeth A.10aPower in colonial Africah[electronic resource] :bconflict and discourse in Lesotho, 1870-1960 /cElizabeth A. Eldredge. aMadison, Wis. :bUniversity of Wisconsin Press,cc2007. axii, 275 p. :bill., maps.1 aAfrica and the diaspora. History, politics, culture aIncludes bibliographical references (p. 249-258) and index. aElectronic reproduction.bPalo Alto, Calif. :cebrary,d2013.nAvailable via World Wide Web.nAccess may be limited to ebrary affiliated libraries. 0aSotho (African people)zLesothoxHistory. 0aPower (Social sciences)zLesotho. 0aLesothoxPolitics and governmentyTo 1966. 0aLesothoxHistoryyTo 1966. 7aElectronic books.2local2 aebrary, Inc. 0aAfrica and the diaspora.40uhttp://site.ebrary.com/lib/rucke/Doc?id=10277778zAn electronic book accessible through the World Wide Web; click to view c4952d4952